000 00487cam a2200169 4500
001 ##E506
008 090401t1962 xxu||||| |||| 00| 0 eng d
035 _a(Sirsi) u52425
041 0 _aeng
050 0 4 _a333.0062 $2 18
110 2 _aRoyal Institution of Chartered Surveyors
_94900
245 0 0 _aDirections to chartered quantity surveyors on advertisements and other public announcements
260 _aLondon
_bRICS
_c1962
300 _a6p.
_c21cm.
942 _n0
948 _c04/03/1997
999 _c93064
_d93064